000
00293nam a22001337a 4500
008
180224b xxu||||| |||| 00| 0 eng d
020
_a
9780867208177
041
_a
eng
080
_a
316
100
_a
50
101
_a
SOC
245
_a
A Challenge of Living
_c
Corless, I.B
942
_2
udc
_c
BK
999
_c
43352
_d
43352